Istorija Sibiri : s drevnejšich vremen do našich dnej : v 5 tomach. Tom 2, Sibir‘ v sostave feodal‘noj Rossii /

Další autoři: Okladnikov, Aleksej Pavlovič, 1908-1981, Šunkov, V. I.
Jazyk: Ruština
Vydáno: Leningrad : Nauka, 1968
Témata:
Fyzický popis: 537 s., [4] l. obr. příl. : il. + 2 mapy
Knihy
Uloženo v:
LEADER 01094nam a22002772a 4500
001 000125147
003 CZ BrMZK
005 20210427131311.0
007 ta
008 040716s1968 ru f |||| 0 rus d
040 |a BOD001  |b cze  |d BOA001 
072 7 |a 94(47+57)  |x Dějiny SSSR a Ruska  |2 Konspekt  |9 8 
080 |a 94(571.1/.5)  |2 MRF 
080 |a (048.8)  |2 MRF 
245 0 0 |a Istorija Sibiri :  |b s drevnejšich vremen do našich dnej : v 5 tomach.  |n Tom 2,  |p Sibir‘ v sostave feodal‘noj Rossii /  |c glavnaja redkollegija: A.P. Okladnikov, V.I. Šunkov ... [et al.] 
246 3 0 |a Sibir‘ v sostave feodal‘noj Rossii 
260 |a Leningrad :  |b Nauka,  |c 1968 
300 |a 537 s., [4] l. obr. příl. :  |b il. +  |e 2 mapy 
651 7 |a Sibiř (Rusko)  |7 ge130802  |x dějiny  |2 czenas 
655 7 |a monografie  |7 fd132842  |2 czenas 
700 1 |a Okladnikov, Aleksej Pavlovič,  |d 1908-1981  |7 jx20041123006  |4 edt 
700 1 |a Šunkov, V. I.  |4 edt 
910 |a BOA001  |b 3-0603.614,2 
990 |a BK 
991 |b 202009 
996 7 |b 2619970330  |c 3-0603.614,2  |l MZK  |r Sklad / do 1 hodiny  |n 0  |w 000125147  |u 000010  |a 1  |e BOA001  |j MZK50  |s A